Statistics for UK Russell Group University Coats of Arms

Click here to take the quiz!

General Stats

  • This quiz has been taken 55 times
  • The average score is 8 of 23

Answer Stats

Answer% Correct
University of Cambridge
74%
University of Edinburgh
63%
Queen's University Belfast
58%
University of Manchester
56%
University of Oxford
51%
University of Leeds
47%
Newcastle University
44%
Imperial College London
37%
University of Exeter
35%
Durham University
33%
University of Birmingham
33%
University of Bristol
33%
University of Sheffield
33%
Cardiff University
23%
London School of Economics
23%
University of Glasgow
23%
University of Liverpool
23%
University of Warwick
23%
King's College London
21%
University of York
21%
University of Nottingham
14%
University of Southampton
14%
Queen Mary, University of London
9%

Score Distribution

Percentile by Number Answered

Percent of People with Each Score

Your Score History

You have not taken this quiz